<?xml version="1.0" encoding="UTF-8"?>
<record
    xmlns:xsi="http://www.w3.org/2001/XMLSchema-instance"
    xsi:schemaLocation="http://www.loc.gov/MARC21/slim http://www.loc.gov/standards/marcxml/schema/MARC21slim.xsd"
    xmlns="http://www.loc.gov/MARC21/slim">

  <leader>02220nam a2200421 i 4500</leader>
  <controlfield tag="003">CO-BoRNBP</controlfield>
  <controlfield tag="005">20241018112052.0</controlfield>
  <controlfield tag="007">ta</controlfield>
  <controlfield tag="008">140310s2002    sp a   fre    001 0 spa d</controlfield>
  <datafield tag="020" ind1=" " ind2=" ">
    <subfield code="a">8449407117 (obra completa)</subfield>
  </datafield>
  <datafield tag="020" ind1=" " ind2=" ">
    <subfield code="a">8449407125 (volumen 1)</subfield>
  </datafield>
  <datafield tag="020" ind1=" " ind2=" ">
    <subfield code="a">8449407133 (volumen 2)</subfield>
  </datafield>
  <datafield tag="020" ind1=" " ind2=" ">
    <subfield code="a">8449407141 (volumen 3)</subfield>
  </datafield>
  <datafield tag="020" ind1=" " ind2=" ">
    <subfield code="a">844940715X (volumen 4)</subfield>
  </datafield>
  <datafield tag="020" ind1=" " ind2=" ">
    <subfield code="a">8449407168 (volumen 5)</subfield>
  </datafield>
  <datafield tag="020" ind1=" " ind2=" ">
    <subfield code="a">8449407176 (volumen 6)</subfield>
  </datafield>
  <datafield tag="020" ind1=" " ind2=" ">
    <subfield code="a">8449407184 (volumen 7)</subfield>
  </datafield>
  <datafield tag="020" ind1=" " ind2=" ">
    <subfield code="a">8449407192 (volumen 8)</subfield>
  </datafield>
  <datafield tag="040" ind1=" " ind2=" ">
    <subfield code="a">CO-BoUNC</subfield>
    <subfield code="b">spa</subfield>
    <subfield code="e">rda</subfield>
    <subfield code="c">CO-BoRNBP</subfield>
  </datafield>
  <datafield tag="041" ind1="0" ind2=" ">
    <subfield code="a">spa</subfield>
  </datafield>
  <datafield tag="082" ind1="0" ind2="4">
    <subfield code="a">036</subfield>
    <subfield code="b">E561eo</subfield>
    <subfield code="2">21</subfield>
  </datafield>
  <datafield tag="245" ind1="0" ind2="0">
    <subfield code="a">Enciclopedia autodid&#xE1;ctica interactiva Oceano /</subfield>
    <subfield code="c">direcci&#xF3;n de la obra: Joaqu&#xED;n Navarro.</subfield>
  </datafield>
  <datafield tag="250" ind1=" " ind2=" ">
    <subfield code="a">edici&#xF3;n 2002</subfield>
  </datafield>
  <datafield tag="264" ind1=" " ind2="1">
    <subfield code="a">Barcelona :</subfield>
    <subfield code="b">Oceano Grupo Editorial,</subfield>
    <subfield code="c">2002</subfield>
  </datafield>
  <datafield tag="300" ind1=" " ind2=" ">
    <subfield code="a">8 vol&#xFA;menes :</subfield>
    <subfield code="b">ilustraciones (color) ;</subfield>
    <subfield code="c">29 cm.</subfield>
  </datafield>
  <datafield tag="336" ind1=" " ind2=" ">
    <subfield code="a">texto</subfield>
    <subfield code="b">txt</subfield>
    <subfield code="2">rda contenido</subfield>
  </datafield>
  <datafield tag="337" ind1=" " ind2=" ">
    <subfield code="a">sin mediaci&#xF3;n</subfield>
    <subfield code="b">n</subfield>
    <subfield code="2">rda medio</subfield>
  </datafield>
  <datafield tag="338" ind1=" " ind2=" ">
    <subfield code="a">volumen</subfield>
    <subfield code="b">nc</subfield>
    <subfield code="2">rda soporte</subfield>
  </datafield>
  <datafield tag="505" ind1="0" ind2=" ">
    <subfield code="a">v.1: Filosof&#xED;a, Expresi&#xF3;n art&#xED;stica, Historia del arte; M&#xFA;sica; Lingu&#xED;stica y gram&#xE1;tica. -- v.2: El idioma espa&#xF1;ol; Literatura espa&#xF1;ola; Literatura hispanoamericana; Literatura universal. -- v.3: Algebra; Geometr&#xED;a; Estad&#xED;stica; Econom&#xED;a. -- v.4: Qu&#xED;mica inorg&#xE1;nica; Qu&#xED;mica org&#xE1;nica; F&#xED;sica. -- v.5: Electricidad, Electr&#xF3;nica; Biolog&#xED;a; Geolog&#xED;a, Bot&#xE1;nica; Zoolog&#xED;a; Paleontolog&#xED;a. -- v.6: Ecolog&#xED;a, Astronom&#xED;a; Astron&#xE1;utica; Computaci&#xF3;n; Tecnolog&#xED;a mec&#xE1;nica; C&#xF3;mo funciona; Dise&#xF1;o; Geograf&#xED;a descriptiva. -- v.7: Geograf&#xED;a general; Atlas; Historia universal; Historia de Am&#xE9;rica Latina. -- v.8: Antropolog&#xED;a; Anatom&#xED;a y fisiolog&#xED;a; Educaci&#xF3;n sexual; Psicolog&#xED;a; Educaci&#xF3;n c&#xED;vica; Educaci&#xF3;n f&#xED;sica; Deportes; Autoevaluaci&#xF3;n; Indice alfab&#xE1;tico</subfield>
  </datafield>
  <datafield tag="650" ind1="1" ind2="7">
    <subfield code="a">Enciclopedias generales</subfield>
    <subfield code="2">LEMB</subfield>
    <subfield code="9">43326</subfield>
  </datafield>
  <datafield tag="650" ind1="1" ind2="7">
    <subfield code="a">Cuerpo humano</subfield>
    <subfield code="v">Enciclopedias</subfield>
    <subfield code="2">LEMB</subfield>
    <subfield code="9">43327</subfield>
  </datafield>
  <datafield tag="650" ind1="1" ind2="7">
    <subfield code="a">Animales</subfield>
    <subfield code="v">Enciclopedias</subfield>
    <subfield code="2">LEMB</subfield>
    <subfield code="9">43328</subfield>
  </datafield>
  <datafield tag="650" ind1="1" ind2="7">
    <subfield code="a">Plantas</subfield>
    <subfield code="v">Enciclopedias</subfield>
    <subfield code="2">LEMB</subfield>
    <subfield code="9">43329</subfield>
  </datafield>
  <datafield tag="650" ind1="1" ind2="7">
    <subfield code="a">Bot&#xE1;nica</subfield>
    <subfield code="v">Enciclopedias</subfield>
    <subfield code="2">LEMB</subfield>
    <subfield code="9">43330</subfield>
  </datafield>
  <datafield tag="650" ind1="1" ind2="7">
    <subfield code="a">Tecnolog&#xED;a</subfield>
    <subfield code="v">Enciclopedias</subfield>
    <subfield code="2">LEMB</subfield>
    <subfield code="9">43331</subfield>
  </datafield>
  <datafield tag="700" ind1="1" ind2=" ">
    <subfield code="a">Navarro, Joaqu&#xED;n</subfield>
    <subfield code="e">director</subfield>
    <subfield code="9">43332</subfield>
  </datafield>
  <datafield tag="942" ind1=" " ind2=" ">
    <subfield code="2">ddc</subfield>
    <subfield code="c">BK</subfield>
  </datafield>
  <datafield tag="999" ind1=" " ind2=" ">
    <subfield code="c">38494</subfield>
    <subfield code="d">38494</subfield>
  </datafield>
  <datafield tag="952" ind1=" " ind2=" ">
    <subfield code="0">0</subfield>
    <subfield code="1">0</subfield>
    <subfield code="2">ddc</subfield>
    <subfield code="4">0</subfield>
    <subfield code="7">0</subfield>
    <subfield code="8">GEN</subfield>
    <subfield code="a">MEGUAMAL</subfield>
    <subfield code="b">MEGUAMAL</subfield>
    <subfield code="c">REF</subfield>
    <subfield code="d">2024-10-18</subfield>
    <subfield code="l">0</subfield>
    <subfield code="o">R 036 E561eo</subfield>
    <subfield code="p">GUA004345</subfield>
    <subfield code="r">2024-10-18 11:11:13</subfield>
    <subfield code="t">Ej.1</subfield>
    <subfield code="w">2024-10-18</subfield>
    <subfield code="y">REF</subfield>
  </datafield>
</record>
